01608nam a22003617a 4500003000900000005001700009008002900026020001800055040002200073082002700095245009600122260004100218300002600259500000600285590002500291650004300316650004700359650004200406650002900448650004300477650002200520700003700542700003800579710001100617740002800628740013100656910003900787942001200826952013200838952013200970952012701102999001701229DO-SdBNP20240627133559.0171123b2011 sp | 00| 0 spa d a9586074360356 aBPMSUbspacBPMSU 4a782.42bM516c 201122204aLas mejores canciones y rondas infantiles /c ilustración David Lara, Eduardo Amezcua b  aMadrid. : bEditorial Lexus, c2011 a166 p.:bil.;c28 cm. a  aInventariado, 2024VM 4aCanciones colombianas vCancioneros.  4aCompositores colombianos vBiografías.  4aMúsicos colombianos vBiografías  4aCanciones infantiles x  4a Poesía infantil vColeccionesx z  4aRondas infantiles1 a Lara, David. eilustraciones 1 aAmezcua, Eduardo eilustraciones 2 aLexus 32aEl bolero en Colombia. 32aLa canción colombiana : su historia, sus compositores, sus mejores intérpretes : 500 canciones armonizadas para guitarra.  aVMateo V. Control de calidad BPMSU 2ddccBK 00102ddc40708CI-GaBPMETbBPMETd2024-06-27l0oBPMSU CGI 782.42 M516c 2011pBPMSU24060152r2024-06-27te.3w2024-06-27yBK 00102ddc40708CI-GaBPMETbBPMETd2024-06-27l0oBPMSU CGI 782.42 M516c 2011pBPMSU24060153r2024-06-27te.2w2024-06-27yBK 00102ddc40708CI-GaBPMETbBPMETd2024-06-27l0oBPMSU CGI 782.42 M516c 2011pBPMSU24060154r2024-06-27w2024-06-27yBK c14693d14693